| 000 | 01512nam a2200325Ia 4500 | ||
|---|---|---|---|
| 001 | Z_6055 | ||
| 003 | CHAP | ||
| 008 | 220113s2=00 xx 000 0 und d | ||
| 010 | _a169282 | ||
| 020 | _a84-200-0962-8 (v. 1) \ 84-200-1060-X (v. 2) \ 84-200-0860-5 (v. 3) \ 84-200-1030-8 (v. 4) \ 84-200-0861-3 (v. 5) | ||
| 040 | _cCHAP | ||
| 082 | _a636.0891 M36 | ||
| 245 |
_aManual de anatomía y embriología de los animales domésticos : conceptos básicos y datos aplicativos / _cSalvador Climents...[et al]; ilustración Francisco López Bescós |
||
| 260 |
_aEspaña : _bAcribia, _c2002 |
||
| 300 | _a5 v. | ||
| 503 | _aej.1 v.1: C/E \ ej.1 v.2: C/E \ ej.1 v.3: C/E \ ej.1 v.4: C/E \ ej.1 v.5: C/E | ||
| 504 | _aIncluye bibliografía e índice | ||
| 505 | _aContenido: v. 1: Aparato locomotor: conceptos generales y región axil. -- v. 2: Cabeza; aparato respiratorio; aparato digestivo; aparato urogenital. -- v. 3: Embriología general. -- v. 4: Miembro torácico y miembro pelviano; sistema circulatorio; esqueleto de la cabeza. -- v. 5 Sistema nervioso central y órganos de los sentidos | ||
| 650 |
_aAnatomía veterinaria _xManuales _9143815 |
||
| 650 |
_aAnimales _x _x Anantomía y Fisiología _9143816 |
||
| 650 |
_aEmbriología veterinaria _x _x Manuales _9143817 |
||
| 700 |
_a López Bescós, Francisco, il. _9143818 |
||
| 700 |
_aCliment Peris, Salvador, aut. _9143819 |
||
| 901 | _a636.0891 M36 | ||
| 902 | _aM | ||
| 910 | _a2=00 | ||
| 942 | _c1 | ||
| 942 | _cc1 | ||
| 999 |
_c169282 _d169282 |
||